| 000 | 00826nam a2200253 a 4500 | ||
|---|---|---|---|
| 001 | 42142 | ||
| 003 | BD-RjUL | ||
| 005 | 20211209053511.0 | ||
| 008 | 160609s1987 bg b 001 0 eng d | ||
| 020 | _c: Tk. 250.00 | ||
| 035 |
_aoxf990017922 _a(BD-RjUL) 42260 |
||
| 040 |
_aDLC _cDLC _beng _dBD-RjUL |
||
| 041 | _aeng | ||
| 082 |
_a341.235492 _223 _bMOB 1987 |
||
| 100 | 1 |
_aMomen, Nurul. _9129601 |
|
| 245 | 1 | 0 |
_aBangladesh in the United Nations : _ba study in diplomacy / _cNurul Momen |
| 260 |
_aDhaka : _bUniversity Press, _c1987. |
||
| 300 |
_avi, 224 p. ; _c23 cm. |
||
| 500 | _aRevision of the author's thesis (Ph. D.--Jawaharlal Nehru University, New Delhi) | ||
| 504 | _aIncludes bibliographies and index. | ||
| 610 | 2 | 0 |
_aUnited Nations _zBangladesh. _9129602 |
| 942 |
_2ddc _cBK |
||
| 999 |
_c42142 _d42142 |
||